[Event "Africa-ch"]
[Site "Abuja"]
[Date "2003.10.13"]
[Round "4"]
[White "Mbambara, Tizenge"]
[Black "Aoudia, Khaled"]
[Result "0-1"]
[WhiteElo "2100"]
[BlackElo "2156"]
[PlyCount "160"]
[EventDate "2003.10.10"]
[EventType "swiss"]
[EventRounds "9"]
[EventCountry "NGR"]
[SourceTitle "CBM 096 Extra"]
[Source "ChessBase"]
[SourceDate "2003.10.22"]
[SourceVersion "2"]
[SourceVersionDate "2003.10.20"]
[SourceQuality "1"]

1. d4 Nf6 2. Nf3 g6 3. c4 c5 4. e3 Bg7 5. Nc3 0-0 6. Be2 cxd4 7. exd4 d5 8. 0-0 Nc6 9. Ne5 dxc4 10. Nxc6 bxc6 11. Bxc4 Qd6 12. h3 Rb8 13. b3 Nh5 14. Be3 Qc7 15. Qf3 Qa5 16. Na4 Ba6 17. Qxc6 Bb7 18. Qc5 Qd8 19. Qxa7 e5 20. d5 Nf4 21. Rad1 Qg5 22. Bxf4 exf4 23. Rd3 Be5 24. Nb6 Rfd8 25. f3 Qf6 26. Na4 Bc8 27. Qf2 h5 28. Nc5 Bc7 29. Ne4 Qe5 30. Kh1 Qe7 31. d6 Bxd6 32. Nxd6 Rxd6 33. Re1 Be6 34. Qc5 Qh4 35. Re4 Rxd3 36. Bxd3 Bxh3 37. Qd6 Bf5+ 38. Kg1 Rd8 39. Qxf4 Qxf4 40. Rxf4 Rxd3 41. Ra4 Rd2 42. b4 Be6 43. Ra8+ Kg7 44. a4 Kf6 45. b5 Ke5 46. a5 Kf4 47. b6 Bd5 48. Rc8 Ra2 49. Rc5 Bb7 50. Kh2 f5 51. Rc4+ Ke5 52. Rc7 Bxf3 53. b7 Bxb7 54. Rxb7 Rxa5 55. Rb6 g5 56. Rb1 Ra4 57. Rc1 Kf4 58. Rb1 Kg4 59. Rb3 f4 60. Rc3 Kh4 61. Rh3+ Kg4 62. Rb3 Ra5 63. Rh3 Re5 64. Ra3 Re3 65. Ra4 h4 66. Ra2 h3 67. gxh3+ Rxh3+ 68. Kg2 f3+ 69. Kg1 Kg3 70. Rg2+ Kf4 71. Ra2 g4 72. Rb2 Rh7 73. Ra2 Re7 74. Ra1 g3 75. Ra4+ Re4 76. Ra1 Rd4 77. Rb1 Rd2 78. Rb4+ Ke3 79. Rb1 Ke2 80. Re1+ Kxe1 0-1

[Event "Africa-ch"]
[Site "Abuja"]
[Date "2003.10.11"]
[Round "2"]
[White "Adebayo, Adegboyega"]
[Black "Aoudia, Khaled"]
[Result "1/2-1/2"]
[WhiteElo "2248"]
[BlackElo "2156"]
[PlyCount "39"]
[EventDate "2003.10.10"]
[EventType "swiss"]
[EventRounds "9"]
[EventCountry "NGR"]
[SourceTitle "CBM 096 Extra"]
[Source "ChessBase"]
[SourceDate "2003.10.22"]
[SourceVersion "2"]
[SourceVersionDate "2003.10.20"]
[SourceQuality "1"]

1. e4 c5 2. Nf3 Nc6 3. Bb5 g6 4. 0-0 Bg7 5. c3 Nf6 6. e5 Nd5 7. Qe2 0-0 8. d4 cxd4 9. cxd4 a6 10. Bc4 Nb6 11. Bb3 d6 12. h3 Na5 13. Bc2 Be6 14. Rd1 Rc8 15. Nc3 Qc7 16. Bf4 Bc4 17. Qe4 Be6 18. Qe2 Bc4 19. Qe4 Be6 20. Qe2 1/2-1/2